00999nam a2200229Ia 4500003000900000008004100009020001800050040001600068080001800084100001800102245029300120260004200413300001500455650003800470650003200508650001900540650005100559650010500610700001500715700002100730700001800751IN-BaIIA211028s9999 xx 000 0 eng d a0-88911-017-4 cIIA Library a083.3:02bREM aDe St Remy, B 2aA catalogue of the Riche-Covington collection in Queen's University librarybbeing a list of books and other sources on early radar and early radio astronomy with associated materials on astronomy and radio technologycB. De St Remy..[et.al]  aKingstonbRiche-Covington Trustc1984 axxvi, 63p. aCatalogue - Radio astronomy books aDouglas Library -- Catalogs aNASA thesaurus aRadio -- Canada -- Bibliographie -- Catalogues aRadio astronomy -- History -- Bibliography -- Catalogs. Radar -- History -- Bibliography -- Catalogs aAitken, B. aCovington, A. E. aMorley, L. H.